000 00620cam a2200229 4500
008 000000n2000 000 0 eng u
020 _a0854066721
035 _a(Sirsi) u102127
041 _aeng
050 _a692.2
100 _aLey, A. J
245 2 _aA history of building control in England and Wales 1840-1990.
260 _aLondon
_bRICS
_c2000
300 _axviii,222p. ; 23cm.
650 _aBUILDING CONTROL
_96222
650 _aLEGISLATION
650 _aHISTORY
650 _aBUILDING LAW
650 _aBUILDING REGULATIONS
_96224
690 _aBUILT ENVIRONMENT-BUILDING STANDARDS
942 _n0
999 _c100045
_d100045